| 000 | 00973cam a2200277 a 4500 | ||
|---|---|---|---|
| 001 | 4473128 | ||
| 003 | ARRUPE | ||
| 005 | 20220404085341.0 | ||
| 008 | 960919s1997 tnu b 000 0 eng | ||
| 010 | _a 96046093 | ||
| 020 | _a0835808033 (pbk.) | ||
| 040 |
_aDLC _cDLC _dDLC |
||
| 050 | 0 | 0 |
_aBV1590 _b.C56 1997 |
| 082 | 0 | 0 |
_a248.3/2/083 _220 |
| 100 | 1 |
_aCloyd, Betty Shannon. _951154 |
|
| 245 | 1 | 0 |
_aChildren and prayer : _ba shared pilgrimage / _cby Betty Shannon Cloyd. |
| 260 |
_aNashville, TN : _bUpper Room Books, _cc1997. |
||
| 300 |
_a165 p. ; _c22 cm. |
||
| 504 | _aIncludes bibliographical references (p. 163-165). | ||
| 650 | 0 |
_aChristian education _xHome training. _951155 |
|
| 650 | 0 |
_aPrayer _xChristianity. _99439 |
|
| 650 | 0 |
_aChildren _xReligious life. _935497 |
|
| 906 |
_a7 _bcbc _corignew _d1 _eocip _f19 _gy-gencatlg |
||
| 942 |
_2lcc _cMONOGRAPH |
||
| 999 |
_c131214 _d131214 |
||